Biblioteca y Centro de Documentación

Mecanismos jurídicos para la limitación de la oferta de suelo (Registro nro. 40724)

Detalles MARC
000 -CABECERA
Longitud fija campo de control 01062naa a2200301 c 4500
001 - NÚMERO DE CONTROL
Número de control 40724
003 - IDENTIFICADOR DE NÚMERO DE CONTROL
Identificador del número de control ES-MaCES
005 - FECHA Y HORA DE LA ÚLTIMA TRANSACCIÓN
Fecha y hora de la última transacción 20130527101200.0
008 - CAMPO FIJO DE DESCRIPCIÓN FIJA--INFORMACIÓN GENERAL
Códigos de información de longitud fija   101005n2010 sp t 000 | spa d
035 ## - NÚMERO DE CONTROL DEL SISTEMA
Número de control del sistema CES20100010629v
040 ## - FUENTE DE CATALOGACIÓN
Centro catalogador de origen ES-MaCES
Lengua de catalogación spa
Centro transcriptor ES-MaCES
100 1# - ENCABEZAMIENTO PRINCIPAL--NOMBRE PERSONAL
Nombre de persona Agudo González, Jorge
9 (RLIN) 5663
245 10 - MENCIÓN DE TÍTULO
Título Mecanismos jurídicos para la limitación de la oferta de suelo
Mención de responsabilidad, etc. Jorge Agudo González
500 ## - NOTA GENERAL
Nota general Resumen
610 14 - ASIENTO SECUNDARIO DE MATERIA--NOMBRE CORPORATIVO
Nombre de entidad corporativa o nombre de jurisdicción como elemento inicial España
Título de la obra Ley de suelo
Fecha del congreso o de la firma de un tratado 2007
9 (RLIN) 3063
650 #4 - ASIENTO SECUNDARIO DE MATERIA--TÉRMINO DE MATERIA
Término de materia o nombre geográfico como elemento inicial España
9 (RLIN) 26964
650 #4 - ASIENTO SECUNDARIO DE MATERIA--TÉRMINO DE MATERIA
Término de materia o nombre geográfico como elemento inicial legislación
9 (RLIN) 27153
650 #4 - ASIENTO SECUNDARIO DE MATERIA--TÉRMINO DE MATERIA
Término de materia o nombre geográfico como elemento inicial registro de la propiedad
9 (RLIN) 31123
650 #4 - ASIENTO SECUNDARIO DE MATERIA--TÉRMINO DE MATERIA
Término de materia o nombre geográfico como elemento inicial fijación del precio
9 (RLIN) 28285
650 #4 - ASIENTO SECUNDARIO DE MATERIA--TÉRMINO DE MATERIA
Término de materia o nombre geográfico como elemento inicial oferta
9 (RLIN) 27893
650 #4 - ASIENTO SECUNDARIO DE MATERIA--TÉRMINO DE MATERIA
Término de materia o nombre geográfico como elemento inicial planificación urbana
9 (RLIN) 28620
650 #4 - ASIENTO SECUNDARIO DE MATERIA--TÉRMINO DE MATERIA
Término de materia o nombre geográfico como elemento inicial urbanización
9 (RLIN) 28625
653 10 - TÉRMINO DE INDEXACIÓN--NO CONTROLADO
Término no controlado Vivienda-Construcción-Urbanismo
773 0# - ENTRADA DE DOCUMENTO FUENTE
Título Revista de Derecho Urbanístico y Medio Ambiente
Parte(s) relacionada(s) año 44, n. 258 (jun. 2010){10603 R. 077374}; p. 71-112
Número de control del registro relacionado (ES-MaCES)25608
Itemnumber del ítem fuente 65602
902 ## - CES. TIPO DE DOCUMENTO
Tipodoc (006$c Sirtex) ART Artículo de revista
942 ## - ELEMENTOS KOHA
Fuente de clasificaión o esquema Clasificación propia del CES
Koha [por defecto] tipo de item Artículos (1982-2017)
Parte de clasificación 5.2.

No hay ítems disponibles.

© CES, Consejo Económico y Social de España 2021